[Event "Sevilla op"]
[Site "Sevilla"]
[Date "1994.??.??"]
[Round "8"]
[White "Vasquez, Rodrigo"]
[Black "Azmaiparashvili, Zurab"]
[Result "1/2-1/2"]
[WhiteElo "2490"]
[BlackElo "2625"]

1.e4 g6 2.d4 Bg7 3.Nc3 d6 4.g3 Nc6 5.Nge2 Bg4 6.Qd3 e5 7.d5 Nce7 8.h3 Bd7
9.Bg5 f6 10.Be3 f5 11.f3 Nf6 12.g4 O-O 13.Bg2 f4 14.Bf2 h5 15.g5 Ne8 16.Nd1 c5
17.c4 b5 18.b3 Nf5 19.h4 Nd4 20.O-O Nc7 21.Nb2 Rb8 22.Nc3 b4 23.Ne2 a5 24.Rfc1 Na6
25.Qd1 Qb6 26.Nd3 Nxe2+ 27.Qxe2 a4 28.Kh2 Nc7 29.Bh3 Bxh3 30.Kxh3 Na6 31.Nb2 a3
32.Nd3 Ra8 33.Kh2 Rf7 34.Qf1 Re7 35.Rc2 Bf8 36.Rd1 Qb7 37.Rcd2 Ree8 38.Qh3 Rac8
39.Kg2 Qf7 40.Bg1 Rc7 41.Kh1 Nb8 42.Bf2 Nd7 43.Rg1 Rb7 44.Qf1 Nb6 45.Rc2 Qd7
46.Kh2 Qf7 47.Qe2 Nd7 48.Qf1 Be7 49.Qh3 Bd8 50.Rd2 Ba5 51.Rc1 Qf8 52.Rdc2 Nb6
53.Rb1  1/2-1/2

[Event "Skei"]
[Site "Skei"]
[Date "1994.??.??"]
[Round "5"]
[White "Lyrberg, Patrik"]
[Black "Nijboer, Friso"]
[Result "1/2-1/2"]
[WhiteElo "2415"]
[BlackElo "2530"]

1.d4 g6 2.e4 d6 3.Nc3 Bg7 4.Nf3 Nf6 5.h3 O-O 6.Be3 a6 7.a4 b6 8.Bc4 e6 9.Qd2 Bb7
10.d5 e5 11.g4 Nbd7 12.Ng1 Nc5 13.f3 c6 14.O-O-O cxd5 15.Bxd5 Nxd5 16.Nxd5 Rc8
17.Kb1 Nxa4 18.Ne2 b5 19.h4 Bxd5 20.Qxd5 Qc7 21.Rd2 Rfd8 22.Rhd1 Qa5 23.h5 Bf8
24.hxg6 hxg6 25.Rd3 Nb6 26.Bxb6 Qxb6 27.Qb3 Rc5 28.Nc3 Rdc8 29.Nd5 Qd8 30.R3d2 Qh4
31.Rg2 Be7  1/2-1/2

[Event "SLO-ch (Women)"]
[Site "?"]
[Date "1994.??.??"]
[Round "?"]
[White "Licina, Anita"]
[Black "Vospernik, Mira"]
[Result "1-0"]
[WhiteElo "2195"]
[BlackElo "2130"]

1.e4 g6 2.d4 Bg7 3.Nc3 d6 4.Nf3 c6 5.Bf4 Qb6 6.Qd2 Bg4 7.O-O-O Bxf3 8.gxf3 e5
9.dxe5 dxe5 10.Bg5 Nf6 11.Qd6 Nbd7 12.Bh3 O-O-O 13.Bxf6 Bxf6 14.Bxd7+  1-0

[Event "SLO-ch U18"]
[Site "?"]
[Date "1994.??.??"]
[Round "?"]
[White "Markun, Bostjan"]
[Black "Biscan, D."]
[Result "1-0"]
[WhiteElo "2280"]
[BlackElo "2005"]

1.e4 g6 2.d4 Bg7 3.Nc3 d6 4.f4 Nf6 5.Nf3 Bg4 6.h3 Bxf3 7.Qxf3 c6 8.Be3 Qa5
9.O-O-O Nbd7 10.Bc4 e6 11.e5 Nd5 12.Ne4 Bf8 13.exd6 h6 14.Bb3 N7f6 15.Bd2 Qd8
16.Bxd5 cxd5 17.Nxf6+ Qxf6 18.Rhe1 O-O-O 19.Qc3+ Kb8 20.Qc7+ Ka8 21.d7 Bg7
22.Bb4 Qh4 23.g3 Qf6 24.Bd6 Rhg8 25.Re3 Rb8 26.Ra3 Qd8 27.Bc5  1-0

[Event "SLO-chT"]
[Site "?"]
[Date "1994.??.??"]
[Round "?"]
[White "Sorli, Maja"]
[Black "Markovic, Igor"]
[Result "1-0"]
[WhiteElo "1850"]
[BlackElo "1850"]

1.e4 d6 2.d4 g6 3.Nc3 Bg7 4.Be3 Nf6 5.f3 O-O 6.g4 a6 7.h4 Nbd7 8.Qd2 c5 9.h5 cxd4
10.Bxd4 Re8 11.O-O-O Qa5 12.hxg6 fxg6 13.Bc4+ Kh8 14.Bf7 Nf8 15.Bxf6 Bxf6
16.Bxe8 Be6 17.Bxg6 Nxg6 18.Nge2 Rc8 19.Rh5 b5 20.Rdh1 Nf8 21.g5 Bxc3 22.Nxc3 Bf7
23.R5h4 b4 24.Nd5 Qxa2 25.Qxb4 Bxd5 26.Qd4+ e5 27.Qxd5 Qa4 28.c3 Qa1+ 29.Kc2 Qa4+
30.Kd2  1-0

[Event "SLO-chT"]
[Site "?"]
[Date "1994.??.??"]
[Round "?"]
[White "Zorko, Dusan"]
[Black "Ciglic, Boris"]
[Result "1-0"]
[WhiteElo "2200"]
[BlackElo "2185"]

1.e4 d6 2.d4 g6 3.Nc3 Bg7 4.f4 Nf6 5.Nf3 O-O 6.Bd3 c5 7.d5 e6 8.O-O exd5
9.Nxd5 Nxd5 10.exd5 Bg4 11.h3 Bxf3 12.Qxf3 Nd7 13.c3 Qa5 14.Be3 b5 15.a3 a6
16.Bf2 Qc7 17.Rad1 Rfe8 18.Bh4 c4 19.Bb1 Rab8 20.Rd2 a5 21.f5 Ne5 22.Qd1 b4
23.axb4 axb4 24.Kh1 bxc3 25.bxc3 Rb3 26.Bf2 Nd7 27.Re2 Rxe2 28.Qxe2 Qb8 29.Ba2 Rxc3
30.Bxc4 Be5 31.fxg6 hxg6 32.Bb5 Nf6 33.Be1 Rb3 34.Bc4 Rb2 35.Qf3 Rb1 36.Bd3 Rb3
37.Bh4  1-0

[Event "SLO-sf"]
[Site "?"]
[Date "1994.??.??"]
[Round "?"]
[White "Solmajer, Luka"]
[Black "Soln, Primoz"]
[Result "1/2-1/2"]
[WhiteElo "1965"]
[BlackElo "2250"]

1.d4 g6 2.e4 Bg7 3.Nc3 d6 4.Nf3 c5 5.d5 Nf6 6.Be2 O-O 7.O-O b6 8.Bf4 Nfd7
9.Qd2 Ba6 10.Rfe1 Ne5 11.Nxe5 dxe5 12.Bh6 Bxe2 13.Rxe2 a6 14.Bxg7 Kxg7 15.Re3 f6
16.Rh3 Kg8 17.f4 Nd7 18.f5 g5  1/2-1/2

[Event "SLO-sf"]
[Site "?"]
[Date "1994.??.??"]
[Round "?"]
[White "Jazbinsek, Sebastjan"]
[Black "Vavpetic, Vide"]
[Result "0-1"]
[WhiteElo "2055"]
[BlackElo "2220"]

1.e4 g6 2.d4 Bg7 3.Nc3 d6 4.Be2 Nf6 5.h4 h5 6.Bg5 c6 7.Qd2 b5 8.f3 Nbd7 9.Nh3 Nb6
10.Nf2 Nc4 11.Bxc4 bxc4 12.Ncd1 Qb6 13.c3 Rb8 14.Rb1 d5 15.Ne3 Be6 16.O-O O-O
17.e5 Nd7 18.Bxe7 Rfe8 19.Bd6 Rb7 20.b4 Bh6 21.Nfd1 Bf4 22.Rb2 Bg3 23.Nxc4 Qd8
24.Na5 Qxh4 25.Rf2 Rb6 26.Bc7 Nf6 27.Bxb6 axb6 28.Nb7 Ne4 29.fxe4 Bg4 30.Rf3 Qh2+
31.Kf1 Qh1+ 32.Ke2 dxe4 33.Ke3 exf3 34.Ke4 fxg2 35.Qxg2 Qxd1 36.Rd2 Qb1+
37.Ke3 Qe1+ 38.Kd3 Bf5+ 39.Kc4 Be6+ 40.Kd3 Qb1+ 41.Ke3 Qe1+ 42.Kd3 Bf4  0-1

[Event "St Cugat op"]
[Site "St Cugat"]
[Date "1994.??.??"]
[Round "5"]
[White "Martin Gonzalez, A."]
[Black "Paniagua Garcia, Jose Maria"]
[Result "1-0"]
[WhiteElo "2435"]
[BlackElo "2305"]

1.e4 g6 2.d4 Bg7 3.Nc3 d6 4.f4 Nf6 5.Nf3 c5 6.dxc5 Qa5 7.Bd3 Qxc5 8.Qe2 O-O
9.Be3 Qa5 10.O-O Nc6 11.h3 Nb4 12.a3 Nxd3 13.cxd3 Bd7 14.Qf2 Rfc8 15.e5 Ne8
16.Qh4 Qd8 17.Bd4 Bc6 18.Rad1 Nc7 19.Ne4 Ne6 20.Bc3 d5 21.Neg5 Nxg5 22.Nxg5 h6
23.e6 d4 24.exf7+ Kh8 25.Bd2 Qd5 26.Rf2 Qb3 27.Re1 Qxd3 28.f5 gxf5 29.Ne6 f4
30.Nxg7 Kxg7 31.Rxf4 Bd7  1-0

[Event "St Ingbert op"]
[Site "St Ingbert"]
[Date "1994.??.??"]
[Round "7"]
[White "Nikitin, Aleksander S"]
[Black "Schmaltz, Roland"]
[Result "0-1"]
[WhiteElo "2445"]
[BlackElo "2445"]

1.d4 g6 2.e4 Bg7 3.Nc3 d6 4.f4 Nf6 5.Nf3 O-O 6.Be3 Nc6 7.Be2 e6 8.Qd2 Ne7
9.Bd3 a6 10.h3 b6 11.O-O Bb7 12.Rae1 c5 13.Bf2 cxd4 14.Bxd4 b5 15.a3 Nc6
16.Bf2 Rc8 17.Bh4 Qb6+ 18.Kh2 Qc7 19.g4 Na5 20.e5 dxe5 21.Nxe5 Nc6 22.Nxc6 Bxc6
23.Bg3 Qb7 24.Qe2 Rcd8 25.Rf2 Rfe8 26.Na2 Qb6 27.Nb4 Bb7 28.c3 h5 29.g5 Nd5
30.Nxd5 Rxd5 31.Be4 Rdd8 32.Bxb7 Qxb7 33.f5 gxf5 34.Qxh5 Rd5 35.Rg1 Red8
36.Bf4 e5 37.Bc1 f4 38.g6 f6 39.Qh7+ Kf8 40.h4 Rd1 41.Rfg2 Qf3  0-1

[Event "St Ingbert op"]
[Site "St Ingbert"]
[Date "1994.??.??"]
[Round "8"]
[White "Bebchuk, Evgeni"]
[Black "Feibert, Fred"]
[Result "0-1"]
[WhiteElo "2305"]
[BlackElo "2335"]

1.e4 g6 2.d4 Bg7 3.Nc3 d6 4.Bg5 c6 5.Qd2 Nd7 6.f4 h6 7.Bh4 Qc7 8.Nf3 b5 9.a4 b4
10.Nd1 a5 11.Ne3 Ngf6 12.Bd3 d5 13.e5 Ne4 14.Qe2 Nb6 15.O-O O-O 16.Nd2 Nxd2
17.Qxd2 e6 18.c3 bxc3 19.Qxc3 Ba6 20.Bxa6 Rxa6 21.b3 Rc8 22.Rac1 Bf8 23.Ng4 Nd7
24.Kh1 c5 25.dxc5 Rc6 26.Qh3 Rxc5 27.Rxc5 Qxc5 28.Be1 Kh7 29.Ne3 Qc7 30.g4 Qb7
31.Ng2 Rc1 32.f5 Nxe5 33.fxe6 Qa6 34.Nf4 Nxg4 35.Nd3 Qxe6 36.Qf3 Ne5 37.Nxe5 Qxe5
38.Qxf7+ Bg7 39.Bxa5 Rxf1+ 40.Qxf1 Qe4+ 41.Qg2 Qb1+ 42.Qg1 Qxb3 43.Qc5 d4
44.Qb5 Qf3+ 45.Kg1 d3 46.Qd7 Qe3+ 47.Kh1 Qc1+ 48.Kg2  0-1

[Event "St Petersburg"]
[Site "St Petersburg"]
[Date "1994.??.??"]
[Round "?"]
[White "Svidler, Peter"]
[Black "Asanov, Bolat"]
[Result "1-0"]
[WhiteElo "2505"]
[BlackElo "2360"]

1.e4 d6 2.d4 g6 3.Nc3 Bg7 4.Nf3 Nf6 5.Be2 O-O 6.O-O Nc6 7.d5 Nb8 8.Re1 e5
9.dxe6 Bxe6 10.Bg5 h6 11.Be3 Nc6 12.Qd2 Ng4 13.Bf4 g5 14.Bg3 Nge5 15.Rad1 Ng6
16.h3 Kh8 17.Nb5 a6 18.Nbd4 Qf6 19.Bf1 Nce5 20.b3 Nxf3+ 21.Nxf3 Bxh3 22.Qb4 Be6
23.Qxb7 Qc3 24.Rd3 Qxc2 25.e5 d5 26.Qb4 c5 27.Qa5 c4 28.Nd4 Qb2 29.Rd2 c3
30.Rxb2 cxb2 31.Bd3 Rac8 32.Qd2 Nxe5 33.Bxe5 Bxe5 34.Rxe5 Rc1+ 35.Re1 Rfc8
36.Nxe6 Rxe1+ 37.Kh2 Rxe6 38.Qxb2+ Kg8 39.Bf5  1-0

[Event "St Petersburg"]
[Site "St Petersburg"]
[Date "1994.??.??"]
[Round "?"]
[White "Yemelin, Vasily"]
[Black "Asanov, Bolat"]
[Result "0-1"]
[WhiteElo "2475"]
[BlackElo "2360"]

1.e4 d6 2.d4 g6 3.Nc3 Bg7 4.h3 a6 5.Nf3 b5 6.Bd3 Bb7 7.O-O Nd7 8.a4 b4 9.Nd5 c5
10.dxc5 Nxc5 11.Re1 Nf6 12.Bg5 O-O 13.Bxf6 exf6 14.Nxb4 a5 15.Nd5 f5 16.c3 Re8
17.Bb5 Rxe4 18.Ne3 Rb8 19.Nc2 Ne6 20.Qd2 Nf4 21.Rad1 g5 22.Qxd6 Qxd6 23.Rxd6 g4
24.hxg4 fxg4 25.Rxe4 Bxe4 26.Nfe1 Nxg2 27.Nxg2 Bxc2 28.Ne3 Bg6 29.Nxg4 f5
30.Nf6+ Kh8 31.Nd5 Be5 32.Rd7 f4 33.Re7 Bd6 34.Re6 Rd8 35.Nb6 f3 36.Nd7 Bc7
37.Re1 Bf5 38.Nf6  0-1

[Event "St Petersburg op2"]
[Site "St Petersburg"]
[Date "1994.??.??"]
[Round "1"]
[White "Orlov, Vassily"]
[Black "Shchekachev, Andrei"]
[Result "1/2-1/2"]
[WhiteElo "2350"]
[BlackElo "2480"]

1.e4 d6 2.d4 g6 3.Nc3 Bg7 4.Be3 c6 5.Qd2 Nd7 6.Nf3 b5 7.Bd3 Qc7 8.O-O Ngf6
9.Bh6 O-O 10.Rfe1 e5 11.Ne2 a6 12.Ng3 c5 13.c3 Bb7 14.Rad1 Rfd8 15.Bxg7 Kxg7
16.Qg5 Ng8 17.Nf5+ Kh8 18.Nh6 Nxh6 19.Qxh6 Nf8 20.Qg5 Re8 21.dxe5 dxe5 22.Bc2 Qb6
23.Qe3 f6 24.b4 Rac8 25.Bb3 Qc7 26.Bd5 Bxd5 27.Rxd5 cxb4 28.cxb4 Ne6 29.Red1 Nf4
30.R5d2 Red8 31.g3 Rxd2 32.Qxd2 Ne6 33.Qe3 Rd8 34.Rc1 Qd6 35.Qa7 Rd7 36.Qa8+ Kg7
37.Kg2 Qxb4 38.Qxa6  1/2-1/2

[Event "St Petersburg op2"]
[Site "St Petersburg"]
[Date "1994.??.??"]
[Round "1"]
[White "Novik, Maxim"]
[Black "Chepukaitis, Genrikh"]
[Result "1/2-1/2"]
[WhiteElo "2460"]
[BlackElo "2265"]

1.e4 g6 2.d4 Bg7 3.Nc3 d6 4.Nf3 a6 5.a4 b6 6.Bc4 e6 7.Bg5 Ne7 8.Qd2 h6 9.Be3 Nd7
10.O-O Bb7 11.Rfe1 Nf6 12.Bd3 g5 13.Qe2 O-O 14.Rad1 Qe8 15.h4 gxh4 16.Nxh4 Ng6
17.Nf3 Ng4 18.Bc1 Qe7 19.Bc4 c5 20.dxc5  1/2-1/2

[Event "St Petersburg op"]
[Site "St Petersburg"]
[Date "1994.??.??"]
[Round "8"]
[White "Sveshnikov, Evgeny"]
[Black "Korotylev, Alexey"]
[Result "1/2-1/2"]
[WhiteElo "2585"]
[BlackElo "2415"]

1.e4 g6 2.d4 d6 3.Nc3 Bg7 4.Be3 c6 5.h3 Qa5 6.f4 Nf6 7.Bd3 e5 8.Qf3 exd4
9.Bxd4 O-O 10.Ne2 b5 11.O-O b4 12.Nd1 Bb7 13.c3 Nbd7 14.Nf2 c5 15.cxb4 cxb4
16.Nc1 Rfe8 17.Nb3 Qd8 18.Rac1 a5 19.Rfe1 a4 20.Nd2 Nc5 21.Bxc5 dxc5 22.Rxc5 Qd4
23.Rc7 Bd5 24.Nc4 Ra7 25.Rxa7 Qxa7 26.Qe3 Qxe3 27.Rxe3 Bxc4 28.Bxc4 Nh5 29.Rd3 Nxf4
30.Rd7 Rc8 31.b3 axb3 32.Bxf7+ Kh8 33.Bxb3 Ne2+ 34.Kf1 Ng3+ 35.Ke1 Rc1+ 36.Nd1 Bc3+
37.Kf2 Nxe4+  1/2-1/2

[Event "SVK-chT"]
[Site "?"]
[Date "1994.??.??"]
[Round "?"]
[White "Bednar, Jaromir"]
[Black "Gazik, Igor"]
[Result "0-1"]
[WhiteElo "2190"]
[BlackElo "2410"]

1.e4 g6 2.d4 Bg7 3.Nc3 d6 4.f4 Nf6 5.Nf3 O-O 6.Bd3 Bg4 7.h3 Bxf3 8.Qxf3 Nc6
9.Be3 e5 10.dxe5 dxe5 11.f5 Nd4 12.Qf2 c6 13.g4 Nd7 14.g5 Re8 15.O-O-O b5
16.h4 Nc5 17.f6 Bf8 18.h5 Re6 19.hxg6 fxg6 20.f7+ Kh8 21.Bxd4 Qxd4 22.Rxh7+ Kxh7
23.Qh4+ Kg7 24.Rf1 Qe3+ 25.Kd1 Qf4 26.Rxf4 exf4 27.Qxf4 Rd8 28.Ke2 Rd7 29.Qg4 Re5
30.Qf4 Re6 31.Qg4 Rde7 32.b4 Nd7 33.Nd1 Ne5 34.Qg1 Rxf7 35.a3 Nf3 36.Qh1 Nxg5
37.Nf2 Rf4 38.Qg2 Be7 39.Nh3 Nxh3 40.Qxh3 Rff6 41.Qe3 a6 42.Qd4 g5 43.a4 Kh6
44.a5 Bd6 45.Kd1 Be5 46.Qg1 Rf4 47.Kc1 g4 48.Qh1+ Kg5 49.Kb1 Rh6 50.Qg1 Rf3
51.Ka2 g3 52.Qc5 Re6 53.Qb6 g2 54.Qd8+ Rff6 55.Qb6 Bh2 56.Qe3+ Rf4 57.Qh3 Rg4
58.Qe3+ Bf4 59.Qg1 Be5 60.Bf1 gxf1=Q 61.Qxf1  0-1

[Event "SVK-chT"]
[Site "?"]
[Date "1994.??.??"]
[Round "?"]
[White "Kucera, Juraj"]
[Black "Novacek, V."]
[Result "1/2-1/2"]
[WhiteElo "2130"]
[BlackElo "2110"]

1.d4 g6 2.e4 Bg7 3.Nc3 d6 4.Be3 Nf6 5.f3 a6 6.Qd2 e5 7.dxe5 dxe5 8.Qxd8+ Kxd8
9.Bc4 Ke8 10.a4 Nc6 11.Nge2 Nd8 12.Kf2 Be6 13.Bxe6 Nxe6 14.Rhd1 Rd8 15.Rxd8+ Kxd8
16.Rd1+ Ke7 17.Nd5+ Nxd5 18.Rxd5 Rd8 19.Rxd8 Kxd8 20.c3 Kd7 21.Nc1 c5 22.Nd3 Kc6
23.Ke2 f6 24.g4 Bf8 25.b3 b5 26.axb5+ axb5 27.Nb2  1/2-1/2

[Event "SVK-chT"]
[Site "?"]
[Date "1994.??.??"]
[Round "?"]
[White "Zagrapan, P."]
[Black "Danek, Pavol"]
[Result "1/2-1/2"]
[WhiteElo "2060"]
[BlackElo "2120"]

1.e4 d6 2.d4 g6 3.Nc3 Bg7 4.Bc4 c6 5.Qf3 e6 6.Nge2 d5 7.Bd3 b6 8.O-O Ba6
9.Bxa6 Nxa6 10.exd5 cxd5 11.Bf4 Qd7 12.a4 Ne7 13.Bg5 Nf5 14.Nb5 O-O 15.g4 Nd6
16.Bf6 Ne4 17.Bxg7 Kxg7 18.Qf4 h6 19.c3 f5 20.Qe5+ Kh7 21.Kh1 fxg4 22.Nf4 Rae8
23.f3 Rf5 24.fxe4 Rxe5 25.dxe5 g5 26.Nh5 Kg6 27.Nf6 Qc6 28.Nd4 Qa8 29.Nxe8 Qxe8
30.Rf6+ Kh7 31.Raf1 Nc5 32.exd5 exd5 33.e6 Kg8 34.Rxh6 Ne4 35.Rf7 Qxa4 36.Rg6+ Kh8
37.Ne2 Nd2 38.Rh6+ Kg8 39.Rg6+ Kh8 40.Nd4 Qd1+ 41.Kg2 Nf3  1/2-1/2

[Event "SVK-chT"]
[Site "?"]
[Date "1994.??.??"]
[Round "?"]
[White "Kotan, Ladislav"]
[Black "Duriga, Stefan"]
[Result "1-0"]
[WhiteElo "2315"]
[BlackElo "2255"]

1.e4 g6 2.d4 Bg7 3.Nc3 d6 4.Be3 c6 5.Qd2 b5 6.Bd3 a6 7.a4 Bb7 8.Nf3 Nd7 9.O-O b4
10.Ne2 c5 11.Ng3 Qc7 12.b3 h5 13.h3 Ngf6 14.Bg5 cxd4 15.Qxb4 e5 16.Nh4 d5
17.Rae1 Bf8 18.Qd2 dxe4 19.Nxe4 Nxe4 20.Bxe4 Bxe4 21.Rxe4 Bg7 22.Qxd4 O-O
23.Qc4 Qb6 24.Rd1 Rac8 25.Qb4 Qxb4 26.Rxb4 Nc5 27.Be3 Ne6 28.Rd2 Bf6 29.Nf3 Rc6
30.h4 Rfc8 31.c4 e4 32.Nd4 Nxd4 33.Bxd4 Bxh4 34.Rb6 Be7 35.Re2 f5 36.f3 Rxb6
37.Bxb6 Rc6 38.a5 Re6 39.fxe4 fxe4 40.c5 Kf7 41.b4 Bf6 42.Rc2 Rc6 43.Rc4 Ke6
44.Rxe4+ Kd5 45.Re2 Kc4 46.Rd2 Kxb4 47.Kf1 Bc3 48.Rd3 Kc4 49.Rd1 Bb4 50.Rc1+ Kd4
51.Rd1+ Ke3 52.Rc1 Kd2 53.Rc4 Ba3 54.Rd4+ Ke3 55.Rd5 Ke4 56.Rg5 Bc1 57.Rg3 Be3
58.Ke2 Bxc5 59.Bxc5 Rxc5 60.Rxg6 Rxa5 61.Rh6 Kf4 62.Kf2 Ra2+ 63.Kg1  1-0

[Event "SVK-chT"]
[Site "?"]
[Date "1994.??.??"]
[Round "?"]
[White "Janko, Ladislav"]
[Black "Danek, Pavol"]
[Result "1-0"]
[WhiteElo "2155"]
[BlackElo "2120"]

1.e4 d6 2.d4 g6 3.Nc3 Bg7 4.Be3 c6 5.Qd2 b5 6.f3 Nd7 7.Nge2 Nb6 8.b3 a5 9.g3 a4
10.Bg2 axb3 11.cxb3 Bd7 12.O-O h5 13.Rad1 Qc8 14.Rc1 Qa6 15.Rc2 Nf6 16.Nf4 Rd8
17.Qe2 Nh7 18.a4 Ra8 19.axb5 Qb7 20.bxc6 Bxc6 21.Rfc1 O-O 22.Nb5 Rfc8 23.Bh3 Bxb5
24.Qxb5 Rxc2 25.Rxc2 Ng5 26.Bg2 Ra1+ 27.Kf2 d5 28.Nxd5  1-0

[Event "SWE-chT 9394"]
[Site "SWE"]
[Date "1994.??.??"]
[Round "6"]
[White "Piuva, Matti"]
[Black "Hillarp Persson, Tiger"]
[Result "0-1"]
[WhiteElo "2205"]
[BlackElo "2300"]

1.e4 g6 2.d4 Bg7 3.Nc3 d6 4.f4 a6 5.Be3 b5 6.a3 Nd7 7.Nf3 Bb7 8.Bd3 Ngf6
9.e5 Ng4 10.Bg1 c5 11.e6 fxe6 12.Ng5 Ndf6 13.Nxe6 Qd7 14.Qe2 c4 15.Nxg7+ Kf7
16.Be4 Bxe4 17.Nxe4 Nxe4 18.Qxe4 Nf6 19.Qe2 Kxg7 20.Be3 Raf8 21.O-O Rf7 22.Bd2 Qf5
23.Rac1 h5 24.Rfe1 h4 25.Qe6 Nd5 26.Qxf5 gxf5 27.Kf2 Kf6 28.Re2 Rg7 29.Rf1 Rhg8
30.Kf3 Rg4 31.Rg1 Kf7 32.g3 Rh8 33.h3 Rxg3+ 34.Rxg3 hxg3 35.Kxg3 Nf6 36.Be1 Nd5
37.Bd2 c3 38.bxc3 Rc8 39.Kf3 Nxc3 40.Rg2 Ne4 41.Bb4 Rc4 42.Ke3 Nc3 43.Kd3 Nd5
44.Rf2 Nxb4+ 45.axb4 Rxb4 46.h4 Rb1 47.Rh2 Rd1+ 48.Ke3 b4 49.h5 a5 50.h6 Kg8
51.Rh5 e6 52.Rg5+ Kh8 53.Rg7 a4 54.Ra7 a3 55.Ra4 Kh7 56.Ra8 Kxh6 57.Ra4 Kg6
58.Ra8 Kf7 59.Ra7+ Ke8 60.Ra4 Kd7 61.Ra8 Kc6 62.Ra5 Kb6 63.Ra8 Kb5 64.Rb8+ Kc4
65.Rc8+ Kd5 66.Ra8 Rxd4 67.c3 bxc3 68.Ra5+ Kc6 69.Rxa3 Rc4 70.Ra1 c2 71.Rc1 Kd5
72.Kd3 Rd4+ 73.Ke3  0-1

[Event "SWE-chT 9394"]
[Site "SWE"]
[Date "1994.??.??"]
[Round "7"]
[White "Moberg, Karl Johan"]
[Black "Sandstrom, Ludvig"]
[Result "1-0"]
[WhiteElo "2300"]
[BlackElo "2295"]

1.e4 g6 2.d4 Bg7 3.Nc3 d6 4.Be3 a6 5.Qd2 Nd7 6.h4 h5 7.f3 b5 8.a4 b4 9.Nd1 Rb8
10.c3 bxc3 11.bxc3 Ngf6 12.Bd3 c5 13.a5 Qc7 14.Ne2 e5 15.O-O O-O 16.Bh6 d5
17.Bxg7 Kxg7 18.exd5 Nxd5 19.Bc4 N5f6 20.Ne3 exd4 21.cxd4 cxd4 22.Nxd4 Ne5
23.Rac1 Qa7 24.Rfd1 Rd8 25.Qc3 Nxc4 26.Nxc4 Nd5 27.Qa1 Kh7 28.Kh1 Qe7 29.Nc6 Qxh4+
30.Kg1 Be6 31.Nxd8 Rxd8 32.Qd4 Nf4 33.Qxd8 Ne2+ 34.Kf1 Ng3+ 35.Ke1 g5 36.Kd2 Bxc4
37.Rxc4 Qxc4 38.Qd3+ Qxd3+ 39.Kxd3 Nf5 40.Ke4 Kg6 41.Rb1 Nd6+ 42.Kd5 Nf5
43.Rb6+ f6 44.Ke4 Ng3+ 45.Ke3 Nf5+ 46.Kf2 Kf7 47.Rxa6 Ke7 48.Rb6  1-0

[Event "SWE-chT 9394"]
[Site "SWE"]
[Date "1994.??.??"]
[Round "8"]
[White "Hermansson, Emil"]
[Black "Wessman, Richard"]
[Result "0-1"]
[WhiteElo "2240"]
[BlackElo "2435"]

1.e4 g6 2.d4 Bg7 3.Nc3 d6 4.f4 a6 5.Nf3 b5 6.Bd3 Nd7 7.O-O c5 8.dxc5 Nxc5
9.Qe1 Bb7 10.a4 b4 11.Nd1 Nf6 12.Nf2 Nxd3 13.cxd3 a5 14.Be3 O-O 15.Bd4 Rc8
16.Qd2 Re8 17.Rac1 Qd7 18.b3 Qe6 19.Qb2 Rxc1 20.Rxc1 Rc8 21.Rxc8+ Qxc8 22.Nd2 Ba6
23.Nc4 Bxc4 24.dxc4 Ne8 25.Bxg7 Nxg7 26.Qd4 Ne6 27.Qa7 Qc5 28.Qxe7 Nxf4 29.Qf6 Qe3
30.Qa1 Nd3 31.Qf1 Nc5 32.Kh1 h5 33.h3 Nxb3 34.Nd1 Qxe4  0-1

[Event "SWE-chT 9394"]
[Site "SWE"]
[Date "1994.??.??"]
[Round "8"]
[White "Ostergaard, Dan"]
[Black "Hillarp Persson, Tiger"]
[Result "1-0"]
[WhiteElo "2235"]
[BlackElo "2300"]

1.e4 g6 2.d4 Bg7 3.Nc3 d6 4.f4 a6 5.Nf3 b5 6.Bd3 Nd7 7.e5 c5 8.e6 fxe6 9.Ng5 Bxd4
10.Nxe6 Bxc3+ 11.bxc3 Qb6 12.Qf3 Bb7 13.Qg3 Nf8 14.Nxf8 Kxf8 15.f5 gxf5 16.Bg5 Nf6
17.Bxf6 exf6 18.O-O-O d5 19.Bxf5 Rg8 20.Qh3 Rg7 21.Bxh7 Qa5 22.Bf5 Ke7 23.Rhe1+ Kd6
24.Qh6 Qxc3 25.Re6+ Kc7 26.Qxg7+ Kb8 27.Qg3+ Qxg3 28.hxg3 Ka7 29.Rh1 Rd8
30.Rh7 Ka8 31.Rb6 Rb8 32.Rxf6 c4 33.Rhf7 d4 34.Be4 Rh8 35.Rxa6+  1-0

[Event "SWE-chT 9394"]
[Site "SWE"]
[Date "1994.??.??"]
[Round "8"]
[White "Hellsten, Johan"]
[Black "Sandstrom, Ludvig"]
[Result "1-0"]
[WhiteElo "2315"]
[BlackElo "2295"]

1.e4 g6 2.d4 Bg7 3.Nc3 d6 4.Nge2 Nf6 5.g3 O-O 6.Bg2 Nc6 7.h3 e5 8.Be3 a6
9.a4 exd4 10.Nxd4 Bd7 11.O-O Re8 12.Re1 Nb4 13.Nb3 Qc8 14.Kh2 Bc6 15.Qd2 a5
16.Bd4 b6 17.Re2 Qd7 18.Bxf6 Bxf6 19.Nd4 Bb7 20.e5 Bxg2 21.e6 fxe6 22.Kxg2 e5
23.Nf3 Qc6 24.Ne4 Bg7 25.c3 Nd5 26.Qc2 Nf6 27.Qb3+ Kh8 28.Nxf6 Bxf6 29.Rd1 Rf8
30.Rd5 Qe8 31.c4 Qf7 32.Nd2 Rad8 33.Ne4 Be7 34.Rd3 Qf5 35.Qb5 Rf7 36.Qd5 Rdf8
37.Qc6 d5 38.Qxd5 Rd8 39.Qxd8+ Bxd8 40.Rxd8+ Kg7 41.Re3 h6 42.b3 g5 43.Kh2 g4
44.h4 Rd7 45.Rxd7+ Qxd7 46.Kg2 Qd4 47.Nc3 c6 48.Ne2 Qb2 49.Ng1 Kf6 50.Ne2 Kf5
51.Ng1 Ke6 52.Ne2 Kd6 53.Nc3 Ke6 54.Ne2 Kf6 55.Nc3 Kf5 56.Ne2 Qc2 57.Kg1 Qd2
58.Kg2 Qb2 59.Kg1 Qb1+ 60.Kg2 Qd1 61.Ng1 Ke6 62.Ne2 Kd7 63.Ng1 Kc7 64.Ne2 Kb7
65.Ng1 Ka7 66.Ne2 Ka6 67.Ng1 Qd4 68.Ne2 Qb2 69.Kg1 b5 70.cxb5+ cxb5 71.axb5+ Kxb5
72.Nc3+ Kb4 73.Nd5+ Kc5 74.Nc3 Qc1+ 75.Kg2 Qxe3 76.fxe3 Kb4 77.Ne4 Kxb3 78.Kf2  1-0

[Event "SWZ-chT"]
[Site "SWZ"]
[Date "1994.??.??"]
[Round "1"]
[White "Schoch, Heinz"]
[Black "Denoth, Mario"]
[Result "1/2-1/2"]
[WhiteElo "2100"]
[BlackElo "2220"]

1.e4 g6 2.d4 Bg7 3.Nc3 d6 4.Nf3 Nf6 5.Be2 O-O 6.O-O c6 7.a4 Nbd7 8.h3 e5
9.Be3 Qc7 10.dxe5 dxe5 11.Qc1 b6 12.Bh6 Nc5 13.Bxg7 Kxg7 14.Qe3 a5 15.Rfd1 Be6
16.Rd2 Rfd8 17.Rad1 Rxd2 18.Rxd2 Ne8 19.h4 f6 20.Nh2 Rd8 21.Nf1 Rd6 22.h5 Qd7
23.Bd3  1/2-1/2

[Event "SWZ-chT"]
[Site "SWZ"]
[Date "1994.??.??"]
[Round "4"]
[White "Markovic, M."]
[Black "Schmid, S."]
[Result "1-0"]
[WhiteElo "2095"]
[BlackElo "1835"]

1.e4 d6 2.d4 g6 3.Nc3 Bg7 4.Be3 Nd7 5.Qd2 e6 6.O-O-O Ne7 7.Bc4 c6 8.Bb3 a5
9.a4 d5 10.f3 b5 11.Nge2 b4 12.Na2 Ba6 13.Kb1 Nb6 14.Qe1 O-O 15.h4 h6 16.Nac1 Nc4
17.Bf4 Nxb2 18.Kxb2 c5 19.e5 c4 20.h5 cxb3 21.Nxb3 Bc4 22.hxg6 Nxg6 23.Be3 Qe8
24.Nc5 Rb8 25.Nf4 b3 26.c3 Kh7 27.Nh5 Rh8 28.Bxh6 Kg8 29.Nxg7 Qe7 30.Nh5 Rxh6
31.Nf6+ Kg7 32.Rxh6 Kxh6 33.Qh1+ Kg5 34.Qh5+ Kf4 35.Qh6+ Kg3 36.Qh3+ Kf2
37.Qh1 Nf4 38.Qe1+ Kxg2 39.Qe2+  1-0

[Event "SWZ-chT"]
[Site "SWZ"]
[Date "1994.??.??"]
[Round "5"]
[White "Maier, Christian"]
[Black "Hirzel, Rene"]
[Result "1-0"]
[WhiteElo "2360"]
[BlackElo "2185"]

1.e4 g6 2.d4 Bg7 3.Nc3 d6 4.g3 c6 5.a4 e5 6.dxe5 dxe5 7.Qxd8+ Kxd8 8.Bc4 f6
9.Be3 Kc7 10.a5 Nd7 11.f4 Nf8 12.Nf3 Be6 13.Bxe6 Nxe6 14.f5 Nf8 15.O-O Nd7
16.g4 g5 17.h4 gxh4 18.g5 Bf8 19.Rfd1 Be7 20.Rd2 Rd8 21.Bxa7 fxg5 22.Rad1 Kc8
23.Na4 Ngf6 24.Nxg5 Rhg8 25.Rg2 h3 26.Nxh3 Rxg2+ 27.Kxg2 Nxe4 28.Kf3 Nef6
29.Ng5 Rg8 30.Ne6 e4+ 31.Kf2 Nd5 32.c4 Nb4 33.Rh1 Bf6 34.Rxh7 Nd3+ 35.Kf1 Nxb2
36.Nb6+ Nxb6 37.Rc7+  1-0

[Event "SWZ-chT"]
[Site "SWZ"]
[Date "1994.??.??"]
[Round "5"]
[White "Schneider, M."]
[Black "Horn, Pascal"]
[Result "0-1"]
[WhiteElo "2055"]
[BlackElo "2200"]

1.e4 g6 2.d4 Bg7 3.Nc3 d6 4.Be3 Nf6 5.h3 O-O 6.Nf3 Nc6 7.Bc4 Nd7 8.O-O Nb6
9.Bb3 Na5 10.Qe2 Nxb3 11.axb3 c6 12.Ne1 d5 13.e5 f6 14.Bf4 g5 15.exf6 exf6
16.Bh2 Bf5 17.Nd3 Re8 18.Qd2 h5 19.Rfe1 Nd7 20.Re2 Nf8 21.Rae1 Qd7 22.Nc5 Rxe2
23.Qxe2 Qf7 24.g4 hxg4 25.hxg4 Bg6 26.Nd1 b6 27.Nd3 Qd7 28.f3 Re8 29.Qd2 Ne6
30.c3 Bf8 31.N1f2 Bd6 32.Bxd6 Qxd6 33.Kg2 c5 34.dxc5 bxc5 35.Nh3 Re7 36.Ndf2 Qd7
37.Rd1 Bf7 38.Qd3 Nf8 39.Nh1 Ng6 40.Ng3 Nh4+ 41.Kf2 Qc7 42.Ng1 Qb6 43.N1e2 Qxb3
44.Rd2 Re5 45.f4 gxf4 46.Nxf4 Qa4 47.Ngh5 Bxh5 48.Nxh5 Kf8 49.Qh7 Qxg4 50.Qh6+ Ke7
51.Qxf6+ Kd7 52.Ng3 Qh3 53.Qg7+ Kc6 54.Re2 Qg2+ 55.Ke1 Rxe2+  0-1

[Event "SWZ-chT"]
[Site "SWZ"]
[Date "1994.??.??"]
[Round "7"]
[White "Masserey, Yvan"]
[Black "Batchinsky, Stephane"]
[Result "1-0"]
[WhiteElo "2315"]
[BlackElo "2220"]

1.e4 d6 2.d4 g6 3.Nc3 Bg7 4.Be3 c6 5.h3 b5 6.Nf3 b4 7.Nb1 Nf6 8.Nbd2 a5 9.a3 Bb7
10.c3 bxc3 11.bxc3 O-O 12.Rb1 Ba6 13.Bxa6 Nxa6 14.Qc2 c5 15.O-O Qc7 16.d5 Rfb8
17.Nc4 Nd7 18.Nfd2 Ra7 19.Nb3 a4 20.Nba5 Rxb1 21.Rxb1 Nab8 22.Rb5 Ne5 23.Qb1 Nbd7
24.Nxe5 Nxe5 25.Rb8+ Bf8 26.Qb5 Nd7 27.Rb7 Qxa5 28.Qxa5 Rxa5 29.Rxd7 f6 30.Kf1 Kf7
31.Ke2 Ke8 32.Rb7 Ra8 33.Kd3 Kd8 34.Kc4 Kc8 35.Rb6 Kc7 36.Kb5 Bg7 37.f4 Ra7
38.g4 h5 39.Ra6 Rb7+ 40.Kxa4 hxg4 41.hxg4 Rb1 42.Ra7+ Kd8 43.Ra8+ Kd7 44.c4 Rb2
45.Rg8 Re2 46.Bxc5 dxc5 47.Rxg7 Rxe4 48.Kb5 Re3 49.Kxc5 Rxa3 50.Rxg6 Rf3
51.f5 Rf4 52.Rg8 Re4 53.Kb5 Rd4 54.g5 fxg5 55.Rxg5 Rd1 56.Kc5 Rf1 57.Kd4 Rd1+
58.Ke3 Re1+ 59.Kd2 Re4 60.Kd3 Rf4 61.Rh5 Kd6 62.Rh6+ Kd7 63.f6 e6 64.Ke3 Rf1
65.Kd4 Rd1+ 66.Ke5 Re1+ 67.Kf4 exd5 68.cxd5 Rf1+ 69.Ke5 Re1+ 70.Kf5 Rf1+
71.Kg6 Kd6 72.Kg7  1-0